M. Georg Christoph Hambergers ... (Record no. 23914)

MARC details
000 -LEADER
fixed length control field 00754cam a22002171 4500
001 - CONTROL NUMBER
control field g 01002117
003 - CONTROL NUMBER IDENTIFIER
control field DLC
005 - DATE AND TIME OF LATEST TRANSACTION
control field 20260227111257.0
008 - FIXED-LENGTH DATA ELEMENTS--GENERAL INFORMATION
fixed length control field 801017m17561764gw 000 0 ger
010 ## - LIBRARY OF CONGRESS CONTROL NUMBER
LC control number g 01002117
035 ## - SYSTEM CONTROL NUMBER
System control number (OCoLC)6837810
040 ## - CATALOGING SOURCE
Original cataloging agency DLC
Transcribing agency TxU
Modifying agency GU
-- DLC
042 ## - AUTHENTICATION CODE
Authentication code premarc
050 00 - LIBRARY OF CONGRESS CALL NUMBER
Classification number Z1010
Item number .H19
100 1# - MAIN ENTRY--PERSONAL NAME
Personal name Hamberger, Georg Christoph,
Dates associated with a name 1726-1773.
245 00 - TITLE STATEMENT
Title M. Georg Christoph Hambergers ...
Remainder of title Zuverlåssige Nachrichten von den vornehmsten Schriftstellern vom Anfange der Welt bis 1500.
Statement of responsibility, etc. Mit einer Vorrede ... des Herrn Professors Gesner ...
260 ## - PUBLICATION, DISTRIBUTION, ETC.
Place of publication, distribution, etc. Lemgo,
Name of publisher, distributor, etc. Meyer,
Date of publication, distribution, etc. 1756-64.
300 ## - PHYSICAL DESCRIPTION
Extent 4 v.
Dimensions 20 cm.
650 #0 - SUBJECT ADDED ENTRY--TOPICAL TERM
Topical term or geographic name entry element Bio-bibliography.
710 2# - ADDED ENTRY--CORPORATE NAME
Corporate name or jurisdiction name as entry element Pre-1801 Imprint Collection (Library of Congress)
Institution to which field applies DLC

No items available.

Powered by Koha